Sistemas de manejo de aguas residuales para núcleos pequeños y descentralizados

Guardat en:
Dades bibliogràfiques
Autors principals: Crites, Ron (Autor), Tchobanoglous, George (Autor)
Format: Llibre
Idioma:espanyol
Publicat: Bogotá McGraw-Hill 2000
Matèries:
Etiquetes: Afegir etiqueta
Sense etiquetes, Sigues el primer a etiquetar aquest registre!

MARC

LEADER 00000cam a2200000 a 4500
001 UCM8480
003 CL-VaPUC
008 030314e20000000CK |||||||||||||||||spa|d
020 |a 9584100432 
020 |a 9584100440v.1 
020 |a 9584100459v.2 
020 |a 9584100467v.3 
082 0 4 |a 628.3  |b CRI  |2 21 
100 0 |a Crites, Ron  |e author  |9 474542 
700 0 |a Tchobanoglous, George  |e author  |9 474543 
245 1 0 |a Sistemas de manejo de aguas residuales para núcleos pequeños y descentralizados 
300 |a 3 v 
942 |c BK 
945 |d 20030314 00:00:00  |a cmena 
260 |a Bogotá  |b McGraw-Hill  |c 2000 
650 0 |a Aguas residuales   |9 262614 
650 7 |a TRATAMIENTO DE DESECHOS  |2 CL-VaPUC  |9 339623 
650 7 |a EVACUACION Y MANIPULACION DE LAS AGUAS  |2 CL-VaPUC  |9 360383 
650 7 |a TRATAMIENTO DE AGUAS RESIDUALES  |2 CL-VaPUC  |9 474544 
583 |a last modification  |c 20131217 07:06:21  |k Rodrigo Vera 
999 |c 302981  |d 302979 
952 |0 0  |1 0  |4 0  |6 628_300000000000000_CRI_2000  |7 0  |8 A  |9 363873  |a BIBING  |b BIBING  |d 2019-11-21  |h v.1  |i 3882373  |o 628.3 CRI 2000  |p 3882373  |r 2025-01-20  |w 2019-11-21  |y BK  |k CCL 
952 |0 0  |1 0  |4 0  |6 628_300000000000000_CRI_2000  |7 0  |8 A  |9 363874  |a BIBING  |b BIBING  |d 2019-11-21  |h v.2  |i 3882381  |o 628.3 CRI 2000  |p 3882381  |r 2025-01-20  |w 2019-11-21  |y BK  |k CCL 
952 |0 0  |1 0  |4 0  |6 628_300000000000000_CRI_2000  |7 0  |8 A  |9 363875  |a BIBING  |b BIBING  |d 2019-11-21  |h v.3  |i 388239K  |o 628.3 CRI 2000  |p 388239K  |r 2025-01-20  |w 2019-11-21  |y BK  |k CCL 
952 |0 0  |1 0  |4 0  |6 628_300000000000000_CRI_2000  |7 0  |8 A  |9 363876  |a BIBING  |b BIBING  |d 2019-11-21  |h v.1  |i 4009401  |o 628.3 CRI 2000  |p 4009401  |r 2025-01-20  |w 2019-11-21  |y BK  |k ING 
952 |0 0  |1 0  |4 0  |6 628_300000000000000_CRI_2000  |7 0  |8 A  |9 363877  |a BIBING  |b BIBING  |d 2019-11-21  |h v.2  |i 400941K  |o 628.3 CRI 2000  |p 400941K  |r 2025-01-20  |w 2019-11-21  |y BK  |k ING 
952 |0 0  |1 0  |4 0  |6 628_300000000000000_CRI_2000  |7 0  |8 A  |9 363878  |a BIBING  |b BIBING  |d 2019-11-21  |h v.3  |i 4009428  |o 628.3 CRI 2000  |p 4009428  |r 2025-01-20  |w 2019-11-21  |y BK  |k ING 
952 |0 0  |1 0  |4 0  |6 628_300000000000000_CRI_2000  |7 0  |8 A  |9 363879  |a BIBING  |b BIBING  |d 2019-11-21  |h v.1  |i 4204425  |o 628.3 CRI 2000  |p 4204425  |r 2023-03-02  |w 2019-11-21  |y BK  |k CCL 
952 |0 0  |1 0  |4 0  |6 628_300000000000000_CRI_2000  |7 0  |8 A  |9 363880  |a BIBING  |b BIBING  |d 2019-11-21  |h v.2  |i 4204433  |o 628.3 CRI 2000  |p 4204433  |r 2025-01-20  |w 2019-11-21  |y BK  |k CCL 
952 |0 0  |1 0  |4 0  |6 628_300000000000000_CRI_2000  |7 0  |8 A  |9 363881  |a BIBING  |b BIBING  |d 2019-11-21  |h v.3  |i 4204441  |o 628.3 CRI 2000  |p 4204441  |r 2025-01-20  |w 2019-11-21  |y BK  |k CCL 
952 |0 0  |1 0  |3 erd  |4 0  |6 628_300000000000000_CRI_2000  |7 0  |8 A  |9 363882  |a BIBING  |b BIBING  |h v.1  |i 5032024  |o 628.3 CRI 2000  |p 5032024  |r 2025-01-20  |w 2019-11-21  |y BK  |z Catalogado en:20131206  |k EIB 
952 |0 0  |1 0  |3 erd  |4 0  |6 628_300000000000000_CRI_2000  |7 0  |8 A  |9 363883  |a BIBING  |b BIBING  |h v.2  |i 5032032  |o 628.3 CRI 2000  |p 5032032  |r 2025-01-20  |w 2019-11-21  |y BK  |z Catalogado en:20131206  |k EIB 
952 |0 0  |1 0  |3 erd  |4 0  |6 628_300000000000000_CRI_2000  |7 0  |8 A  |9 363884  |a BIBING  |b BIBING  |h v.3  |i 5032040  |o 628.3 CRI 2000  |p 5032040  |r 2025-01-20  |w 2019-11-21  |y BK  |z Catalogado en:20131206  |k EIB